00603nam a2200181Ia 4500008004100000020001500041041001200056082001600068100001400084245006900098260002500167300000800192650000800200700002000208942000700228999001500235952017100250221030s9999 xx 000 0 und d a8120310187 aEnglish a105.23bWil aJ. Wilson 0aOptoelectronics - An Introductioncby J. Wilson, J. F. B. Hawkes bPHIaNew Delhic1999 a470 aECE aJ. F. B. Hawkes cBK c8597d8597 pBE 833g175.00l0o105.23 Wilr2024-06-13 00:00:00w2022-10-30yBK003Print4070aMIETLIBbMIETLIBcBL-Academic Block- A, FL-1, CUP-13, SH-1, R-1d2000-01-2910HBE